Geelong suburbs with map - Statistics

General Stats
  • This quiz has been taken 217 times
  • The average score is 34 of 60
Answers on the Map
Answers color-coded by a green-red scale on the quiz's map according to % correct below.
 
Answer Stats
Answer % Correct
Geelong
94%
North Geelong
94%
Geelong West
91%
Lara
91%
Corio
90%
East Geelong
85%
South Geelong
85%
Ocean Grove
82%
Waurn Ponds
81%
Armstrong Creek
78%
Belmont
78%
Barwon Heads
76%
Newtown
76%
Portarlington
76%
Avalon
75%
Grovedale
75%
Little River
75%
North Shore
75%
Drysdale
74%
Norlane
72%
Highton
68%
Leopold
68%
Bell Park
65%
Bell Post Hill
60%
Point Lonsdale
59%
Marshall
57%
Clifton Springs
56%
Moolap
55%
Newcomb
55%
St Leonards
53%
Anakie
52%
Fyansford
52%
Indented Head
49%
Mount Duneed
49%
Rippleside
49%
Whittington
49%
Herne Hill
47%
Drumcondra
45%
Manifold Heights
44%
Ceres
43%
Curlewis
43%
Hamlyn Heights
43%
Lovely Banks
43%
Charlemont
42%
Wallington
41%
Wandana Heights
41%
Breakwater
40%
St Albans Park
40%
Batesford
39%
Bellarine
36%
Connewarre
31%
Point Wilson
31%
Breamlea
30%
Swan Bay
30%
Thomson
26%
Marcus Hill
24%
Moorabool
23%
Balliang
22%
Mannerim
20%
Staughton Vale
18%
No matching quizzes found
Score Distribution
Percent of People with Each Score
Percentile by Number Answered
Your Score History
You have not taken this quiz